| 000 | 00470nam a2200181 a 4500 | ||
|---|---|---|---|
| 005 | 20140310183214.0 | ||
| 008 | 970101s19uu xx 00 eng d | ||
| 020 | _a0879016957 | ||
| 050 |
_aBF 121 _b.T678 1994 |
||
| 100 | _aTrahan, Mary | ||
| 245 |
_aFocus on psychology / _cMary Trahan |
||
| 260 |
_aNew York : _bWorth Publishers Inc., _c1994. |
||
| 300 |
_a295 p. : _c30 cm. |
||
| 521 | _aPSYCH | ||
| 650 | _aPsychology | ||
| 942 |
_cBK _2lcc _kFOR |
||
| 999 |
_c20204 _d20204 |
||